000 00590nam a2200181 a 4500
001 000038477
005 20251120073733.0
008 130412s1987 dr a r 000 0 spa d
040 _aDO-SdBNP
_bspa
_cBNPHU
082 _axxxx
_bS161v
100 1 _aSalcé, George Leonel
_964821
245 1 0 _aViento y energia /
_cGeorge Leonel Salcé.
260 _aSantiago, República Dominicana :
_bPUCMM ,
_c1987.
300 _a243 p. :
_bil. ;
_c20 cm.
490 1 _aColección textos
_v124
710 2 _aPontificia Universidad Católica Madre y Maestra
_9843
830 0 _aColección textos
_n124
_964822
999 _c37967
_d37967